| 000 | 00513nam a22001697a 4500 | ||
|---|---|---|---|
| 999 |
_c195619 _d195619 |
||
| 005 | 20230406163739.0 | ||
| 010 | _aENG-136639 | ||
| 020 | _c300.00 | ||
| 035 | _aEN-120171 | ||
| 037 | _bDBAD/PUB | ||
| 082 | _a294.513 | ||
| 100 | _aPare, Dharmendra | ||
| 245 | 0 | 0 |
_aKorku Devlok (कोरकू देवलोक) _bDharmendra Pare |
| 260 |
_bA Publication of adivasi lok kala academy _aMadhya Pradesh _c2006 |
||
| 300 |
_a330p.; _c22cm(hbk) |
||
| 942 |
_2ddc _cEN _mदेवलो _h294.513 |
||